Estatísticas para Maiores Cidades de Portugal em um Mapa

Clique aqui para jogar o quiz

Estatísticas Gerais

  • Esse quiz foi jogado 1 756 vezes
  • A pontuação média é 13 de 25

Respostas no mapa

Respostas codificadas por cores de uma escala verde-vermelha no mapa do quiz de acordo com a % correta abaixo.
 

Estatísticas das Respostas

PopulaçãoCidade% Correto
552,700Lisboa
99%
237,591Porto
98%
136,885Braga
83%
105,842Coimbra
80%
98,131Setúbal
74%
47,575Faro
70%
60,058Aveiro
69%
50,533Leiria
61%
41,898Évora
59%
57,975Viseu
58%
111,541Funchal
57%
186,502Vila Nova de Gaia
57%
175,136Amadora
52%
40,658Portimão
50%
96,404Almada
48%
47,588Guimarães
45%
49,486Matosinhos
41%
40,661Ponta Delgada
36%
43,127Loures
31%
56,847Odivelas
30%
63,353Barreiro
29%
75,169Queluz
17%
79,805Agualva-Cacém
14%
64,815Rio Tinto
13%
40,513Amora
11%

Distribuição das Pontuações

Percentil de Números Respondidos

Porcentagem de Pessoas com Cada Pontuação

Sua Pontuação Histórica

Você não jogou esse quiz